000 02458nam0a2200349 i 4500
001 RU\NLR\bibl\1960410
005 20260407190119.0
010 _a9785902064510
_9100
021 _aRU
_b2012-76171
_95650
035 _a(NLR Aleph) 001949424
090 _a3674566
_c3674566
100 _a20121026d2011 u y0rusy50 ca
101 0 _arus
102 _aRU
105 _aa j|||000yy
200 1 _aТехнология развития критического мышления в работе с детьми с ограниченными возможностями: проектирование и реализация материалов
_eметодическое пособие
_e[для педагогов специальных коррекционных образовательных учреждений]
_fУчреждение Рос. акад. образования "Ин-т пед. образования", Гос. спец. (коррекц.) образоват. учреждение для обучающихся, воспитанников с отклонениями в развитии спец. (коррекц.) общеобразоват. шк. (VI вида) N°616
_g[под общ. ред. М.Б. Лебедевой]
210 _aСанкт-Петербург
_cУчреждение Российской академии образования "Институт педагогического образования"
_d2011
215 _a82 с.
_cил.
_d21
320 _aБиблиогр.: с. 68 (13 назв.)
606 1 _aДефектологи
_jМетодические пособия
_xРазвитие критического мышления
_92229179
_3RU\NLR\AUTH\6601570693
606 1 _aДети с ограниченными возможностями здоровья
_jМетодические пособия
_xРазвитие мышления
_92229184
_3RU\NLR\AUTH\6601570695
686 1 _aЧ489.518.7я8
686 1 _aЧ489.511.2я8
686 1 _aЧ430.122.1я8
702 1 _4340
_8rus
_7ca
_aЛебедева
_bМ. Б.
_cд-р пед. наук
_gМаргарита Борисовна
_3RU\NLR\AUTH\7746040
_928975
712 0 2 _4570
_aИнститут педагогического образования
_cСанкт-Петербург
_3RU\NLR\AUTH\8810122738
_9743414
801 0 _aRU
_bNLR
_c20121026
_gRCR
801 1 _aRU
_bNLR
_c20121026
942 _cBOOK
980 _aNBR